| 000 | 00548nam a2200193 a 4500 | ||
|---|---|---|---|
| 005 | 20230602063539.0 | ||
| 008 | 991125s1984 mx 000 0 spa u | ||
| 020 | _a9681616545 | ||
| 035 | _aUPN01000035150 | ||
| 049 | _aSEP | ||
| 050 | 4 |
_aAC70 _bB55 no.8 |
|
| 245 | 0 | 3 |
_aEl libro de la imaginación / _cselec. Edmundo Valadés. |
| 260 |
_aMéxico : _bCREA : _bFCE, _c1984. |
||
| 300 | _a239 p. | ||
| 440 | 0 |
_aBiblioteca joven ; _v3 |
|
| 650 | 4 |
_aCuentos mexicanos _96937 |
|
| 700 | 1 |
_aValadés, Edmundo, _d1915-1994 _ecomp. _930297 |
|
| 905 | _aLibro | ||
| 999 |
_c35150 _d35150 |
||